| 000 | 004440000a22001810004500 | ||
|---|---|---|---|
| 020 | _a978-84-236-8573-8 | ||
| 082 | 0 | 4 | _aG CC Un311 |
| 100 | 1 | _aRoca, Nuria | |
| 245 | 1 | 0 | _aUn gato en casa |
| 250 | _a1a edición | ||
| 260 | _aEspaña : Edebé | ||
| 300 | _a36p/24x24cm | ||
| 440 | 0 | _aCol. Soy responsable | |
| 500 | _aPara niños a partir de los 6 años | ||
| 505 | 0 | 0 | _aUn perro en casa -- Un gato en casa. |
| 001 | 2232 | ||
| 942 | _cLGB | ||
| 999 |
_c49378 _d49378 |
||